| 000 | 00763cab a2200217 4500 | ||
|---|---|---|---|
| 001 | WB3207-04 | ||
| 008 | 090401t1996 xxu||||| |||| 00| 0 eng d | ||
| 035 | _a(Sirsi) u27774 | ||
| 041 | _aeng | ||
| 245 | _aToughened glass saved lives | ||
| 260 | _c1996 | ||
| 350 | _a0 | ||
| 490 |
_aBuilding _v261(7928) 16 February 1996, 7(1) |
||
| 520 | _aUse of toughened glass in glazing and cladding helped save lives in the Docklands bomb because of the way it shatters. More serious structural damage was prevented because there were few heavyweight elements in the construction. | ||
| 650 | _aBOMB DAMAGE | ||
| 650 | _aLIGHTWEIGHT CLADDING | ||
| 650 | _aTOUGHENED GLASS | ||
| 690 | _aBUILT ENVIRONMENT-BUILDING MATERIALS | ||
| 942 | _n0 | ||
| 948 | _c04/03/1997 | ||
| 999 |
_c18711 _d18711 |
||